000 005390000a22001690004500
090 _aAR
_b03901
245 1 0 _aEducación ambiental
_sprincipios básicos desde el punto de vista ético
300 _a77-113
650 1 4 _aEtica
_914573
650 1 4 _aEducación ambiental
_9162
650 1 4 _aMetodología
_9120
041 0 _aEspañol
260 _aMadrid
_bEdiciones Unesco
_c1998
260 _bEditorial Universitas S. A.
942 _cARTICULO
773 1 _tEn Novo, María/ Educación ambiental: bases éticas, conceptuales y metodológicas
999 _c12936
_d12936